2022 MLB Guess The Player 2 - Statistics

General Stats
  • This quiz has been taken 281 times
  • The average score is 7 of 15
Answer Stats
Hint Player % Correct
2 time HR Derby winner for the Mets Pete Alonso
95%
2016 MVP who signed a 7 year deal with the Rockies in 2022 Kris Bryant
84%
Georgia native who was recently traded from Oakland to the Braves for a package of prospects, including Christian Pache Matt Olson
80%
Blue Jays second baseman, son of HOF second basemen who played with Houston Cavan Biggio
73%
Won AL Comeback Player of the Year in 2021 after missing all of 2020 due to colon cancer Trey Mancini
66%
The Catching prospect traded by the Dodgers to the Nationals in exchange for Trea Turner and Max Scherzer Kiebert Ruiz
58%
Was traded from the Dodgers to the Pirates in 2017 as a minor leaguer for Tony Watson. Now considered a ROTY favourite for 2022 Oneil Cruz
56%
Nicknamed “The Millville Meteor” Mike Trout
42%
Beloved utility player who gave up a controversial HR to Yermin Mercedes Willians Astudillo
28%
The first MLB player to be born in Brazil Yan Gomes
27%
Who was the last pitcher to get a hit in 2021, the last year without DHs in the NL? (Playoff Game) Zack Greinke
26%
Traded from the Mariners to the Cardinals in 2017 for Marco Gonzales Tyler O'Neill
22%
Holds MLB record for most consecutive stolen bases to start a career without being thrown out Tim Locastro
19%
Had just 5 PAs for the Blue Jays in 2020 before being traded to the Brewers Daniel Vogelbach
11%
Infielder who came up to the Majors in 2012 as a rookie with the Angels, but only played 1 game there before being traded to the Brewers Jean Segura
11%
No matching quizzes found
Score Distribution
Percent of People with Each Score
Percentile by Number Answered
Your Score History
You have not taken this quiz